| 000 | 00903cab a2200265 4500 | ||
|---|---|---|---|
| 001 | ABS58268 | ||
| 008 | 090401t1998 xxu||||| |||| 00| 0 eng d | ||
| 035 | _a(Sirsi) u84637 | ||
| 041 | _aeng | ||
| 100 | _aIves, P. | ||
| 245 | _aOffices: construction starts on the rise | ||
| 260 | _c1998 | ||
| 350 | _a0 | ||
| 490 |
_aProperty Finance & Development _v10(2) February 1998, 8-10(3) |
||
| 520 | _aReviews the London office sector during 1997. Covers office development, supply and demand and lease lengths. Data based on APR`s London office market database. Tables. | ||
| 650 | _aAPR | ||
| 650 | _aCITY OF LONDON | ||
| 650 | _aLONDON | ||
| 650 | _aOFFICE DEVELOPMENT | ||
| 650 | _aOFFICE LEASES | ||
| 650 | _aPROPERTY-COMMERCIAL PROPERTY-OFFICE PROPERTY-OFFICE PROPERTY MARKET | ||
| 690 | _aPROPERTY-COMMERCIAL PROPERTY-COMMERCIAL PROPERTY MARKET | ||
| 942 | _n0 | ||
| 948 | _c04/03/1998 | ||
| 999 |
_c53207 _d53207 |
||